| 000 | 00932nam a22003017a 4500 | ||
|---|---|---|---|
| 001 | 5441 | ||
| 003 | FISKH | ||
| 005 | 20241206135858.0 | ||
| 008 | 241206b cb ||||| |||| 00| 0 eng d | ||
| 020 | _a9780439934053 | ||
| 040 |
_aFISKH _beng _cFISKH _dFISKH |
||
| 050 | _aD811.A2 | ||
| 082 | _a940.54 | ||
| 100 | _aZullo, Allan | ||
| 245 |
_aWorld war II heroes / _cby Allan Zullo |
||
| 250 | _aFirst Scholastic printing, September 2007 | ||
| 260 |
_aNew York : _bScholastic ; _c2007. |
||
| 300 |
_a146 pages : _billustrations ; _c20 cm . |
||
| 490 | _aTen true tales | ||
| 505 | _aZ | ||
| 520 | _aRead the true stories of a few of World War II's heroes and see how they used courage and determination to save their troops and others. | ||
| 521 | 8 |
_a970
_bLexile |
|
| 521 | 8 |
_aZ
_bRaz-Plus |
|
| 650 |
_aheroes _vNon-fiction |
||
| 650 |
_ahistory _vNon-fiction |
||
| 942 |
_2ddc _cBK _n0 |
||
| 999 |
_c5441 _d5441 |
||